00997 2200205 4500001002100000005001500021035002000036007000300056008004100059084003200100245011500132250001100247260004900258300002900307650006500336110003100401520031100432082002600743990002200769INLIS00000000000545720250516110227 a0010-0525000016ta250516 g 0 ind  a631.16 : 351.77 (058) PUS p1 aPetunjuk Pelaksanaan Pemberian Penghargaan Penyuluh Pertanian di Lokasi SIMURP Tahun 2023 /cTim Proyek SIMURP aCet. 1 aJakarta :bPusat Penyuluhan Pertanian,c2023 aii; 32 hal; ilus ; 26 cm 4aPetunjuk Pelaksanaan, Penghargaan Penyuluh Pertanian, SIMURP0 aPusat Penyuluhan Pertanian aPetunjuk Pelaksanaan Pemberian Penghargaan Penyuluh Pertanian di Lokasi SIMURP adalah rujukan bagi para pengelola dan pelaksana proyek SIMURP untuk memberikan apresiasi kepada penyuluh yang mampu menunjukkan prestasi kerja yang baik dalam melaksanakan program pembangunan pertanian melalui kegiatan SIMURP. a631.16 : 351.77 (058) a4870/BPPSDMP/2025